A la rencontre de Jean- Calvin Textes et documents resunis par Bernard Gagnebin

שמור ב:
מידע ביבליוגרפי
פורמט: ספר
שפה:Undetermined
יצא לאור: Geneve 1964
נושאים:
תגים: הוספת תג
אין תגיות, היה/י הראשונ/ה לתייג את הרשומה!
Thư viện lưu trữ: Trung tâm Học liệu Trường Đại học Cần Thơ
LEADER 00458nam a2200169Ia 4500
001 CTU_111573
008 210402s9999 xx 000 0 und d
082 |a 923.2 
082 |b R393 
245 2 |a A la rencontre de Jean- Calvin 
245 0 |b Textes et documents resunis par Bernard Gagnebin 
260 |a Geneve 
260 |c 1964 
650 |a Politicians 
650 |z French 
904 |i M.Loan 
980 |a Trung tâm Học liệu Trường Đại học Cần Thơ